| 000 | 00847nam0a2200253 4500 | ||
|---|---|---|---|
| 001 | RU\NLR\BIBL_A\011697931 | ||
| 005 | 20250626112830.0 | ||
| 035 | _a(NLR Aleph) 011697931 | ||
| 090 |
_a13416849 _c13416849 |
||
| 100 | _a20180511d1979 |||y0rusy50 ca | ||
| 101 | 0 |
_aaze _crus |
|
| 102 | _aAZ | ||
| 105 | _aa z 000 y | ||
| 200 | 1 |
_aJанына ҝәләҹәjәм _e[ше'рләр] _fҜүләли Рәсул |
|
| 210 |
_aБакы _cҜәнҹлик _d1979 |
||
| 215 |
_a37, [1] c. _d14 |
||
| 300 | _aВ вып. дан. авт. (Гюльалиев Гюльали Гюльбаба оглы) | ||
| 541 | 1 |
_aЯ приду к тебе _eстихи _ez01790 |
|
| 700 | 1 |
_aҜүләли _bР. _gРәсул _4070 |
|
| 790 | 1 |
_6z01541 _aГюльали _bР. _gРасул _4070 |
|
| 852 |
_aNLR _bОНЛ _jАзерб./1-2340 |
||
| 942 | _cBOOK | ||
| 980 | _aNB | ||